| 000 | 01192nam a22002895a 4500 | ||
|---|---|---|---|
| 003 | EG-ScBUE | ||
| 005 | 20220718115738.0 | ||
| 008 | 180227s1976 ua f b 001 0 ara d | ||
| 017 | _a1975 / 5143 | ||
| 040 |
_aEG-ScBUE _bara _erda _cEG-ScBUE _dEG-ScBUE |
||
| 082 | 0 | 4 |
_a492.70143 _bع ب د _222 |
| 100 | 1 |
_aعبد البديع، لطفي، _eمؤلف. |
|
| 245 | 1 | 0 |
_aعبقرية العربية في رؤية الإنسان والحيوان والسماء والكواكب / _cتأليف الدكتور لطفي عبد البديع. |
| 250 | _aالطبعة الأولى. | ||
| 264 | 1 |
_aالقاهرة : _bمكتبة النهضة المصرية، _c1976. |
|
| 300 |
_a261، 18 صفحة ؛ _c24 سم |
||
| 336 |
_2rdacontent _aنص _btxt |
||
| 337 |
_2rdamedia _aبدون وسيط _bn |
||
| 338 |
_2rdacarrier _aمجلد _bnc |
||
| 504 | _aيشتمل على إرجاعات ببليوجرافية وكشافات. | ||
| 650 | 7 |
_aاللغة العربية _xمترادفات وأضداد. _2BUEsh |
|
| 650 | 7 |
_aاللغة العربية _xتعبيرات اصطلاحية. _2BUEsh |
|
| 651 | _2BUEsh | ||
| 653 |
_bBUSADM _bGGEN _cFebruary2018 |
||
| 655 |
_vReading book _934232 |
||
| 942 | _2ddc | ||
| 999 |
_c26175 _d26147 |
||